Fundamentals of Photonics : Part 2: Photonics /

Guardado en:
Detalles Bibliográficos
Autores principales: Saleh, Bahaa E.A (Autor), Teich, Malvin Carl (Autor)
Formato: Libro
Lenguaje:inglés
Publicado: Hoboken : Wiley, 2019
Edición:3. vydanie
Etiquetas: Agregar Etiqueta
Sin Etiquetas, Sea el primero en etiquetar este registro!

MARC

LEADER 00000nam a22000003a 4500
001 0116131
003 SK-STU
005 20250623142504.7
007 ta
008 250623s ----xo-----e------000-0-----d
020 |a 978-1-119-50687-4 
040 |a STU  |b slo 
041 0 |a eng 
044 |a xxu 
080 |a 535.14 
100 1 |a Saleh, Bahaa E.A.  |4 aut 
245 1 0 |a Fundamentals of Photonics :   |b Part 2: Photonics /  |c aut. Bahaa E.A Saleh, Malvin Carl Teich 
250 |a 3. vydanie 
260 |a Hoboken :  |b Wiley,  |c 2019 
300 |a 1370 s. 
700 1 |a Teich, Malvin Carl  |4 aut 
996 |b 284EK91065  |c E* 91065  |l EE36  |s P  |a 0  |w 0116131_0001